[Event "Sachsen-ch U10"]
[Site "Sebnitz"]
[Date "2009.04.17"]
[Round "6"]
[White "Georgi, Leonard"]
[Black "Essler, Willy"]
[Result "1-0"]
[WhiteElo "1035"]
[BlackElo "980"]
[PlyCount "99"]
[EventDate "2009.04.14"]
[EventType "swiss"]
[EventRounds "7"]
[EventCountry "GER"]
[SourceTitle "EXT 2010"]
[Source "ChessBase"]
[SourceDate "2010.11.25"]
[SourceVersion "1"]
[SourceVersionDate "2010.11.25"]
[SourceQuality "1"]

1. e4 e5 2. Nf3 Nc6 3. Bc4 Nf6 4. Ng5 d5 5. exd5 Nxd5 6. d3 Bc5 7. 0-0 0-0 8. Ne4 Bd4 9. c3 Bb6 10. Qh5 Nf6 11. Nxf6+ Qxf6 12. Bg5 Qg6 13. Qh4 Bc5 14. b4 Bd6 15. Nd2 b6 16. Rfe1 Z0 17. Nf1 Z0 18. Ne3 Z0 19. Rf1 h6 20. b5 hxg5 21. Qe4 Qxe4 22. dxe4 Be6 23. Bxe6 fxe6 24. bxc6 Bc5 25. Nc4 b5 26. Nxe5 Bd6 27. Nd7 Rfd8 28. e5 Ba3 29. Rab1 Kf7 30. Rxb5 Rh8 31. Rb7 Rh6 32. Rxc7 Rah8 33. h3 g4 34. Nc5+ Kg6 35. Nd3 gxh3 36. Nf4+ Kf5 37. Nxh3 Kxe5 38. Rxa7 Bd6 39. Rxg7 Ra8 40. Ng5 Rf8 41. Nf7+ Kf6 42. Nxh6 Kxg7 43. Ng4 Ra8 44. Rd1 Bc7 45. Rd7+ Kg6 46. Rxc7 Rxa2 47. Ne3 Ra4 48. Kh2 Ra2 49. Kg3 Ra3 50. c4 1-0

[Event "Leipzig VfB op 16th"]
[Site "Leipzig"]
[Date "2009.04.02"]
[Round "5"]
[White "Plumbaum, Nadja"]
[Black "Georgi, Leonard"]
[Result "1-0"]
[WhiteElo "1435"]
[BlackElo "1102"]
[PlyCount "95"]
[EventDate "2009.03.31"]
[EventType "swiss"]
[EventRounds "9"]
[EventCountry "GER"]
[SourceTitle "EXT 2010"]
[Source "ChessBase"]
[SourceDate "2010.11.25"]
[SourceVersion "1"]
[SourceVersionDate "2010.11.25"]
[SourceQuality "1"]

1. c4 e6 2. Nc3 Nf6 3. g3 d6 4. Bg2 Be7 5. Nf3 Bd7 6. 0-0 Nc6 7. d4 d5 8. cxd5 exd5 9. Qb3 Bc8 10. Bf4 Na5 11. Qc2 c6 12. Rab1 Bd7 13. Nd2 Qc8 14. Rfe1 Bf5 15. e4 dxe4 16. Ncxe4 0-0 17. b4 Nc4 18. Qxc4 Bh3 19. Nxf6+ Bxf6 20. Be5 Be6 21. Qc2 Bxe5 22. Rxe5 g6 23. Rbe1 Re8 24. d5 cxd5 25. Qxc8 Raxc8 26. Bxd5 Bxd5 27. Rxe8+ Rxe8 28. Rxe8+ Kg7 29. a3 Bc6 30. Re3 b5 31. Kf1 Kf6 32. Ke2 Kf5 33. h3 h5 34. Nf3 f6 35. Nd4+ Kg5 36. Nxc6 f5 37. Nxa7 Kh6 38. Nxb5 g5 39. Nd6 f4 40. Re6+ Kg7 41. gxf4 gxf4 42. b5 f3+ 43. Ke3 h4 44. b6 Kf8 45. b7 Kg7 46. b8Q Kh7 47. Qc7+ Kg8 48. Re8# 1-0